Бургаски минерални бани (Запис номер 189528)
[ съкратено ]
| 000 -Лидер | |
|---|---|
| Контролно поле с фиксирана дължина | 01411nam a2200301 c 4500 |
| 003 - Код на организацията, давaща контролен номер | |
| Контролно поле | BLK |
| 005 - Дата и час на последна редакция | |
| Контролно поле | 20180422115647.0 |
| 008 - Елементи от данни с фиксирана дължина | |
| fixed length control field | 180411b bul|||||r ||||||| ||bul|| |
| 010 ## - Наследен системен номер | |
| LC control number | KNG00198572000 |
| 040 ## - Източник на каталожния запис | |
| Идентификатор на билиотеката - собственик на записа | BLK |
| 041 ## - Код за език | |
| Код за езика на текст/звукозапис или на отделно заглавие | Български |
| Код за езика КДБФ | Български |
| 080 ## - УДК | |
| Текстов определител УДК | Хидротерапия (водотерапия). Балнеолечение. Курортотерапия - Лечение с бани, горещи бани, сауна, хладни бани, речно къпане, влажни фрикции, компреси, с "жива вода"(алкално активирана, с ph 9, 6;курорт |
| УДК код - определител по УДК | 615.838 |
| УДК определител | |
| УДК - код + определител | 615.838 |
| 100 1# - Редна дума - Автор | |
| Автор | Николова-Касабова, Лиляна |
| Авторска отговорност | първи автор |
| R(LIN) | 344862 |
| 139 ## - Редно поле | |
| Редна дума | Николова, Лиляна |
| Авторски знак | Николова - Н 75 |
| 245 10 - Сведения за заглавието | |
| Заглавие | Бургаски минерални бани |
| Редно поле (дума) | * Лиляна Николова; Лиляна Николова-Касабова. |
| 257 ## - Страна на издаване | |
| Страна на създаване/издаване | България |
| 260 ## - Област на издателските данни | |
| -- | София |
| Име на издателя, разпространителя и проч. | Медицина и физкултура |
| Година на издаване | 1961 |
| 300 ## - Физическа характеристика | |
| Страници | 52 с. |
| Илюстрации и др. | с ил. |
| Размери/Мащаб | 18 см |
| 380 ## - Жанр | |
| Жанр | Медицина |
| 490 1# - СЕРИИ (Колекции) | |
| Име на серия | Наши курорти |
| 650 #4 - Допълнително описание по предмет – тема | |
| Основно описание – тема или топоним | Минерални бани - България |
| 9 (RLIN) | 281530 |
| 700 1# - Други автори (авторска отговорност) | |
| Лично име | Николова, Лиляна |
| Автороска отговорност (Описва отношението между автора и произведението) | * |
| 9 (RLIN) | 384730 |
| 852 ## - Местоположение | |
| Форматна сигнатура | Цб І 4304 |
| 856 4# - Електронен адрес и достъп | |
| Електронен формат | pdf - файл |
| Път до файла /url/ | |
| 856 4# - Електронен адрес и достъп | |
| Електронен формат | pdf - файл |
| Път до файла /url/ | |
| 942 ## - АРТИКУЛИ | |
| Вид на библиотечния материал | Книги |
| Скрит в OPAC | Не |
| 944 ## - СЪЗДАВАНЕ И РЕДАКЦИЯ на ЗАПИСА | |
| Създаване/Редакция | Създаване |
| Дата на регистрацията/редакция | 19.12.2016 |
| Служител, извършил регистрацията/редакцията | Силвестър_Спасов |
| 944 ## - СЪЗДАВАНЕ И РЕДАКЦИЯ на ЗАПИСА | |
| Създаване/Редакция | Редакция |
| Дата на регистрацията/редакция | 19.12.2016 |
| Служител, извършил регистрацията/редакцията | Силвестър_Спасов |
| 999 ## - СИСТЕМНИ КОНТРОЛНИ НОМЕРА | |
| Koha biblionumber | 189528 |
| Koha biblioitemnumber | 189528 |
| Код за отписване | Код за изгубен артикул | Източник на класификационната схема | Код за повреда | Коз за рестрикции | Код за отдаване | Артикулен № | Име на библиотеката - собственик | Име на библиотеката, в която се намира в момента | Статус (Текущо местоположение) | Дата на вписване в системата | Местоположение - отдел | Цена в лева | Инвентарен номер | Систематично азбучна сигнатура | Баркод | Номер на екземпляра | Цена в евро | Служебна бележка | Служебен тип на артикула |
|---|---|---|---|---|---|---|---|---|---|---|---|---|---|---|---|---|---|---|---|
| Не е изгубен | Universal Decimal Classification | Не е повреден | само за читалня | ползва се в читалня | 333497 | Регионална библиотека "Любен Каравелов" Русе | Регионална библиотека "Любен Каравелов" Русе | Хранилище | 1961-01-01 | Хранилище | 0.09 | 10899/61 | Цб І 4304 | 900000026664 | 1 | 0.05 | N: стар фонд Дата: 01.01.1961 | Книги | |
| Изтеглен | Не е изгубен | Universal Decimal Classification | Не е повреден | без рестрикции | заемане за дома | 333498 | Регионална библиотека "Любен Каравелов" Русе | Регионална библиотека "Любен Каравелов" Русе | Заемна - подръчен фонд | 1961-01-01 | Заемна - подръчен фонд | 0.85 | 12153/61 | П 615.83/Н 75 | 12153/61 | 2 | 0.43 | N: стар фонд Дата: 01.01.1961 Дата инв: 15.02.2018 Бележки инв: П2018 | Книги |